000 00297nam a22001337a 4500
008 170511b xxu||||| |||| 00| 0 eng d
020 _a9781931719599
041 _aeng
080 _23RD
_a34
100 _a15
101 _aSHJ
245 _aCORRECTIONAL CONTEXTS
_cLATESSAM E,J
942 _2udc
_cBK
999 _c13248
_d13248